Turbulence (Record no. 5373)

000 -LEADER
fixed length control field 00511nam a2200205 i 4500
001 - CONTROL NUMBER
control field 5373
003 - CONTROL NUMBER IDENTIFIER
control field BD-DhUET
008 - FIXED-LENGTH DATA ELEMENTS--GENERAL INFORMATION
fixed length control field 750220s1975 nyua b 001 0 eng
020 ## - INTERNATIONAL STANDARD BOOK NUMBER
International Standard Book Number 0070290377
040 ## - CATALOGING SOURCE
Original cataloging agency DLC
Transcribing agency DLC
Modifying agency BD-DhUET
082 00 - DEWEY DECIMAL CLASSIFICATION NUMBER
Classification number 532.56
Item number HIN/1975
100 1# - MAIN ENTRY--PERSONAL NAME
Personal name Hinze, J. O.
245 00 - TITLE STATEMENT
Title Turbulence
250 ## - EDITION STATEMENT
Edition statement 2nd ed.
260 ## - PUBLICATION, DISTRIBUTION, ETC. (IMPRINT)
Place of publication, distribution, etc. New York
Name of publisher, distributor, etc. McGraw-Hill
Date of publication, distribution, etc. 1975
300 ## - PHYSICAL DESCRIPTION
Extent x,790p.
Other physical details ill.
Dimensions 24 cm.
490 0# - SERIES STATEMENT
Series statement McGraw-Hill series in mechanical engineering
650 #0 - SUBJECT ADDED ENTRY--TOPICAL TERM
Topical term or geographic name as entry element Turbulence
942 ## - ADDED ENTRY ELEMENTS (KOHA)
Koha item type General Book
Holdings
Location (home branch) Date acquired Damaged status Not for loan Price effective from Shelving location Koha date last borrowed Sublocation or collection (holding branch) Piece designation (barcode) Koha item type Withdrawn status Lost status Koha issues (times borrowed) Copy number Source of classification or shelving scheme Koha full call number Koha normalized classification for sorting Koha date last seen
Central Library, BUET2014-11-26  2014-11-26Circulation section Central Library, BUET63813General Book   1 532.56/HIN/1975532_560000000000000_HIN_19752014-11-26
Central Library, BUET2014-11-26  2014-11-26Circulation section Central Library, BUET63816General Book   2 532.56/HIN/1975532_560000000000000_HIN_19752014-11-26
Central Library, BUET2014-12-07  2014-12-07Circulation section Central Library, BUET44334General Book   3 532.56/HIN/1975532_560000000000000_HIN_19752014-12-07
Central Library, BUET2014-12-07  2014-12-07Circulation section Central Library, BUET63807General Book   4 532.56/HIN/1975532_560000000000000_HIN_19752014-12-07
Central Library, BUET2014-12-07  2014-12-07Circulation section2015-03-25Central Library, BUET63812General Book  15 532.56/HIN/1975532_560000000000000_HIN_19752015-03-29
Central Library, BUET2014-12-07  2014-12-07Circulation section Central Library, BUET63805General Book   6 532.56/HIN/1975532_560000000000000_HIN_19752014-12-07
Central Library, BUET2014-12-07  2014-12-07Circulation section Central Library, BUET63810General Book   7 532.56/HIN/1975532_560000000000000_HIN_19752014-12-07
Central Library, BUET2014-12-07  2014-12-07Circulation section Central Library, BUET63808General Book   8 532.56/HIN/1975532_560000000000000_HIN_19752014-12-07
Central Library, BUET2014-12-07  2014-12-07Circulation section Central Library, BUET63809General Book   9 532.56/HIN/1975532_560000000000000_HIN_19752014-12-07
Central Library, BUET2014-12-07  2014-12-07Circulation section2022-11-14Central Library, BUET63806General Book  110 532.56/HIN/1975532_560000000000000_HIN_19752023-02-28
Central Library, BUET2014-12-07  2014-12-07Circulation section2015-05-26Central Library, BUET63815General Book  111 532.56/HIN/1975532_560000000000000_HIN_19752015-09-14
Central Library, BUET2015-03-09  2015-03-09Circulation section Central Library, BUET39158General Book   12 532.56/HIN/1975532_560000000000000_HIN_19752015-03-09
Central Library, BUET2015-06-07  2015-06-07Reading section Central Library, BUET58968Reading Item   13 532.56/HIN/1975532_560000000000000_HIN_19752015-06-07
Central Library, BUET2015-06-07  2015-06-07Reading section Central Library, BUET60653Reading Item   14 532.56/HIN/1975532_560000000000000_HIN_19752015-06-07
Central Library, BUET2015-06-23  2015-06-23Reading section Central Library, BUET52729Reading Item   15 532.56/HIN/1975532_560000000000000_HIN_19752015-06-23
Central Library, BUET1985-06-29  2024-11-16Circulation section2024-11-27Central Library, BUET63811General Book  116 532.56 HIN/1975532_560000000000000_HIN_19752024-11-27
Central Library, BUET2024-11-16  2024-11-16  Central Library, BUET General Book     532.56 HIN/1975532_560000000000000_HIN_19752024-11-16
Central Library, BUET2025-09-03  2024-11-16Circulation section Central Library, BUET39159General Book   18 532.56 HIN/1975532_560000000000000_HIN_19752024-11-16